000 00620nam a2200217 a 4500
008
020 _a087322521X
049 _aMAIN
050 0 0 _aGV943.8
_bSOC
245 0 0 _aSoccer restart plays /
_cedited by J. Malcolm Simon, John A. Reeves
260 _aChampaign, IL :
_abHuman Kinetics Publishers,
_cc1994.
300 _axi, 139 p. :
_bill. ;
_c23 cm.
650 0 _aSoccer
_xCoaching.
700 1 _aSimon, J. Malcolm.
700 1 _aReeves, John A.
907 _a.b10078150
_b26-04-12
_c19-06-03
003
005 20230123133301.0
040 _cNUST
942 _cBOOKS
999 _c145939
_d145939